Statistics for Camouflaged Countries in Reverse

Click here to take the quiz!

General Stats

  • This quiz has been taken 41 times
    (16 since last reset)
  • The average score is 8 of 10

Answer Stats

HintCountry% Correct
No bag should cost a thousand dollarsGabon
100%
I can snap a jawbone with my bare handsJapan
100%
My Grandma could never say a wrong wordNorway
80%
My toenail art suavely hangs in the galleryAustralia
80%
Do I really have to pay bills every month?Libya
80%
Quick! Catch that lamb before it escapes!Malta
80%
A misty lake, some moss on a log: Nature!Angola
80%
The man I rushed to the aid of died hours laterSuriname
60%
I love the pure ginger flavour in this cup of teaNiger
60%
It was a clear sign she hated our first dateIsrael
40%

Score Distribution

Percentile by Number Answered

Percent of People with Each Score

Your Score History

You have not taken this quiz since the last reset